| 000 | 00900nam1a22002531i 4500 | ||
|---|---|---|---|
| 001 | RU\INFOCOMM_322\NLR\5000096206 | ||
| 005 | 20240726232823.0 | ||
| 035 | _a(NLR Aleph) 011018409 | ||
| 090 |
_a11058200 _c11058200 |
||
| 100 | _a20121207g19061908|||y0rusy50 ba | ||
| 101 | 0 | _ager | |
| 102 | _aRU | ||
| 105 | _ay z|||| | ||
| 200 | 1 |
_aIchthyologische Untersuchungen im Eismeere _fVon N. Knipowitsch |
|
| 210 |
_aСпб. _d1906-1908 |
||
| 215 |
_a2 т. _cил. в тексте и на отд. л. _d32 см |
||
| 225 | 1 | _aЗаписки Академии наук по Физико-математическому отделению | |
| 620 | _aСанкт-Петербург | ||
| 700 | 1 |
_9z01790 _aKnipovič _bN. M. _f1862-1939 _gNikolaj Michajlovič |
|
| 790 | 1 |
_9z01700 _aKnipowitsch _bN. _4070 |
|
| 801 | 1 |
_aRU _bInfoComm _c20121207 |
|
| 801 | 0 |
_aRU _bNLR _gPSBO |
|
| 852 |
_aNLR _j1/450н период |
||
| 942 | _cBOOK | ||